000 01016cam a22002894i 4500
001 15708068
003 EG-ScBUE
005 20250812085651.0
008 090422t2009 gw a f b 001 0 eng d
020 _a9783540958956
040 _aEG-ScBUE
_beng
_erda
_cEG-ScBUE
_dEG-ScBUE
082 0 4 _222
_a543.5
_bPAR
100 1 _aParson, William W.,
_911538
_eauthor.
245 1 0 _aModern optical spectroscopy :
_bwith exercises and examples from biophysics and biochemistry /
_cWilliam W. Parson.
250 _aStudent edition.
264 1 _aDordrecht :
_bSpringer,
_c[2009]
264 4 _cc2009
300 _axii, 530 pages :
_billustrations ;
_c25 cm
336 _2rdacontent
_atext
_btxt
337 _aunmediated
_2rdamedia
_bn
338 _avolume
_bnc
_2rdacarrier
504 _aIncludes bibliographical references and index.
650 7 _aOptical spectroscopy.
_911539
_2BUEsh
655 _vReading book
856 4 1 _3Table of contents only
_uhttp://www.loc.gov/catdir/toc/fy0904/2009927243.html
942 _2ddc
_cBB
999 _c13429
_d13429